Statistics for Five Biggest Cities by Map #3

Click here to take the quiz!

General Stats

  • This quiz has been taken 1,134 times
    (1,021 since last reset)
  • The average score is 28 of 40

Answer Stats

RegionPop.City% Correct
233.6Rome
97%
213.4Kiev
93%
235.2Milan
93%
2116.9Moscow
91%
234.3Naples
91%
244.9Sydney
89%
1722.0New York City
88%
232.2Vienna
88%
1817.1Lagos
87%
2226.4Delhi
86%
1917.6Dhaka
86%
241.5Auckland
84%
177.4Boston
84%
244.4Melbourne
84%
212.0Minsk
84%
177.3Philadelphia
80%
212.2Bucharest
78%
184.6Accra
77%
177.2Toronto
77%
242.9Brisbane
76%
178.4Washington
76%
1916.0Kolkata
73%
241.3Adelaide
68%
205.6Khartoum
68%
195.2Yangon
67%
206.7Riyadh
66%
204.2Jeddah
64%
201.9Mecca
63%
232.2Munich
63%
185.1Abidjan
62%
202.5Sana'a
62%
194.5Chittagong
56%
184.1Kano
53%
211.8Nizhny Novgorod
40%
223.5Jaipur
39%
2210.2Lahore
38%
191.4Mandalay
38%
223.3Lucknow
37%
183.2Ibadan
35%
223.3Kanpur
19%

Score Distribution

Percentile by Number Answered

Percent of People with Each Score

Your Score History

You have not taken this quiz since the last reset